Really Bad Analogies Quiz Stats

 Plays Quiz Updated Jan 6, 2019

Challenge
Share
Tweet
Embed
Score 0/16 Timer 05:00
0 Plays Today
% Correct
a 6'3'' tree
94.7%
two brown circles with big black dots in the center
92.4%
two hummingbirds who had also never met
90.9%
that sound a dog makes before it throws up
90.4%
a duck. Not the metaphorical lame duck, but a real duck that had stepped on a land mine
85.8%
a circle that had two sides gently compressed by a Thigh Master
84.8%
an inanimate object
84.5%
she was a colony of E. coli and he was a room-temperature Canadian beef
80.4%
% Correct
a dog at a fire hydrant
80.2%
like, whatever
77.7%
a Hefty bag filled with vegetable soup
77.7%
nose hair after a sneeze
76.5%
when you're on vacation and Jeopardy comes on at 7:00 instead of 7:30
67.6%
a bowling ball wouldn't
66.9%
the period after the Dr. on a Dr Pepper can
58.7%
a surcharge at a formerly surcharge-free ATM
57.7%

You're not logged in!

Compare scores with friends on all Sporcle quizzes.
OR
Log In

You Might Also Like...

Show Comments

Extras

Top Quizzes Today


Score Distribution

Your Account Isn't Verified!

In order to create a playlist on Sporcle, you need to verify the email address you used during registration. Go to your Sporcle Settings to finish the process.

Report this User

Report this user for behavior that violates our Community Guidelines.

Details: